Normal view
MARC view
- Universal Mobile Telecommunications System
Entry Topical Term
001 - CONTROL NUMBER
- control field: 97333
003 - CONTROL NUMBER IDENTIFIER
- control field: NUST
005 - DATE AND TIME OF LATEST TRANSACTION
- control field: 20220815184029.0
008 - FIXED-LENGTH DATA ELEMENTS
- fixed length control field: 220815|| aca||aabn | a|a d
040 ## - CATALOGING SOURCE
- Original cataloging agency: NUST
- Transcribing agency: NUST
150 ## - HEADING--TOPICAL TERM
- Topical term or geographic name entry element: Universal Mobile Telecommunications System
670 ## - SOURCE DATA FOUND
- Source citation: Work cat.: (NUST)216224: Hara, Shinsuke. 97330, Multicarrier techniques for 4G mobile communications , 2003.
